Click Quiz - Letters - Statistics

General Stats
  • This quiz has been taken 21 times
  • The average score is 16 of 26
Answer Stats
Hint Answer % Correct
o o
93%
u u
79%
b b
71%
c c
71%
d d
71%
f f
71%
i i
71%
j j
71%
x x
71%
y y
71%
e e
64%
g g
64%
h h
64%
k k
64%
p p
64%
v v
64%
w w
64%
l l
57%
m m
57%
n n
57%
q q
57%
a a
50%
s s
50%
t t
50%
z z
43%
r r
29%
No matching quizzes found
Score Distribution
Percent of People with Each Score
Percentile by Number Answered
Your Score History
You have not taken this quiz